000 00562nam a2200193Ii 4500
003 JO-AjNU
008 230606s9999||||xx |||||||||||||| ||und||
017 _a2004/10/2645
040 _aJO-AjNU
_beng
_erda
_cJO-AjNU
041 _aeng
050 1 4 _aD9.2004
100 3 _aWaheeb,Mohammad,
_eauthor
_92750
245 0 4 _aThe Discovery of site of st. mary of Egypt: in (site of jesus baptism
264 3 1 _aAmman: The Auther, 2004
300 _a108p
336 _atext
_btxt
_2rdacontent
337 _aunmediated
_bn
_2rdamedia
338 _avolume
_bnc
_2rdacarrier
999 _aE1439
_c1439
_d1439